000 00450nam a2200169Ia 4500
001 2896
003 IN-NITTTR
005 20251114232938.0
008 251113s9999||||xx |||||||||||||| ||eng||
040 _beng
040 _cIN-NITTTR
041 _aeng
082 _a624.131439 G862E
100 _aGregory, Malcolm
245 0 _aElastic instability :
_b analysis of buckling modes and loads of framed structures. /
_cGregory, Malcolm
942 _2ddc
_cBK
999 _c4655
_d4655